Los riesgos en las empresas: en sus orígenes y en sus destinos
Guardat en:
| Autor principal: | |
|---|---|
| Format: | Llibre |
| Idioma: | espanyol |
| Publicat: |
Valparaíso
Gustavo Alamos Alamos
2015
|
| Edició: | 1a. ed |
| Matèries: | |
| Etiquetes: |
Afegir etiqueta
Sense etiquetes, Sigues el primer a etiquetar aquest registre!
|
MARC
| LEADER | 00000cam a2200000 a 4500 | ||
|---|---|---|---|
| 001 | UCD3621 | ||
| 003 | CL-VaPUC | ||
| 008 | 160609e20150000cl |||||||||||||||||spa|d | ||
| 082 | 0 | 4 | |a 332.6 |b ALA |2 21 |
| 100 | 0 | |a Alamos Alamos, Gustavo |e author |9 587158 | |
| 245 | 1 | 4 | |a Los riesgos en las empresas: en sus orígenes y en sus destinos |
| 250 | |a 1a. ed | ||
| 300 | |a 55 p | ||
| 942 | |c BK | ||
| 945 | |d 20160609 22:21:00 |a arojas | ||
| 260 | |a Valparaíso |b Gustavo Alamos Alamos |c 2015 | ||
| 650 | 0 | |a Empresas |9 255569 | |
| 650 | 0 | |a Riesgos |9 430723 | |
| 650 | 0 | |a Administración financiera |9 261146 | |
| 650 | 0 | |a Análisis financiero |9 264523 | |
| 650 | 7 | |a ESTADOS FINANCIEROS |2 CL-VaPUC |9 587159 | |
| 650 | 0 | |a Inversiones |9 261520 | |
| 583 | |a last modification |c 20160609 22:21:00 |k Rodrigo Vera | ||
| 999 | |c 364656 |d 364654 | ||
| 952 | |0 0 |1 0 |3 erb |4 0 |6 332_600000000000000_ALA_2015 |7 0 |8 A |9 478210 |a BIBGIM |b BIBGIM |i 5292190 |l 1 |o 332.6 ALA 2015 |p 5292190 |r 2025-01-15 |s 2023-07-20 |w 2019-11-24 |y BK |z Catalogado en:20160609 |k GIM | ||